000 00393nam a2200145Ia 4500
008 231129s2009||||xx |||||||||||||| ||spa||
020 _a978-84-9877-238-8
040 _bspa
082 _a863 M843c
100 _aMoreno Arsenio
245 0 _aEl caballero indeterminado: novela
260 _c2009
264 _aSevilla EspaƱa : Algaida
942 _2ddc
_cBKS
999 _c10404
_d10404